Viña del Mar
Сохранить в:
| Главные авторы: | , |
|---|---|
| Формат: | |
| Язык: | испанский английский французский |
| Опубликовано: |
Viña del Mar
Lord Cochrane
1981
|
| Предметы: | |
| Метки: |
Добавить метку
Нет меток, Требуется 1-ая метка записи!
|
MARC
| LEADER | 00000nam a2200000 a 4500 | ||
|---|---|---|---|
| 001 | UCI1294 | ||
| 003 | CL-VaPUC | ||
| 008 | 070622e19811123CL |||||||||||||||||spa|d | ||
| 020 | |a 2855180686 | ||
| 041 | 0 | 7 | |a spa |2 CL-VaPUC |
| 041 | 0 | 7 | |a eng |2 CL-VaPUC |
| 041 | 0 | 7 | |a fre |2 CL-VaPUC |
| 082 | 0 | 4 | |a 981.304 |b VAL |2 21 |
| 100 | 0 | |a Valdés, Jaime |e author |9 521719 | |
| 700 | 0 | |a Lira, Juan Pablo |e author |9 521720 | |
| 245 | 1 | 0 | |a Viña del Mar |
| 300 | |a 90 p | ||
| 942 | |c BK | ||
| 945 | |d 20070622 00:00:00 |a castudil | ||
| 260 | |a Viña del Mar |b Lord Cochrane |c 1981 | ||
| 650 | 0 | |a Turismo |9 308920 | |
| 651 | 0 | |a Viña del Mar |9 327030 | |
| 583 | |a last modification |c 20070622 00:00:00 |k Rodrigo Vera | ||
| 999 | |c 326128 |d 326126 | ||
| 952 | |0 0 |1 0 |4 0 |6 981_304000000000000_VAL_1981 |7 0 |8 X |9 407864 |a FDOMLP |b FDOMLP |d 2019-11-22 |i 4306554 |o 981.304 VAL 1981 |p 4306554 |r 2019-11-22 |w 2019-11-22 |y BK_X |k BU2 | ||